00412nam a22001577a 450000500170000001000150001702000110003203500140004303700130005708200060007010000140007624500380009026000500012827000560017830000200023420220720172451.0 aENG-133370 c100.00 aEN-116902 bDBAD/PUB aN aRagi, Sri aNarayana And His Uncle/cSri Ragi aAndhra PradeshbSri Krishna Publicationc2015 a87/395, kamalanagar B-Camp, KurnoolbAndhra Pradesh a76p.c21cm(pbk)